|
|
|
|
| LEADER |
00712nab a2200181 i 4500 |
| 001 |
misc7436 |
| 005 |
20191106144217.0 |
| 008 |
170607s1898 hu o 0|| hun d |
| 022 |
|
|
|a 0025-0260
|
| 040 |
|
|
|a SZTE Miscellanea Repozitórium
|b hun
|
| 041 |
|
|
|a hun
|
| 100 |
1 |
|
|a Négyesy László
|
| 245 |
1 |
0 |
|a Erzsébet királyné
|h [elektronikus dokumentum] /
|c Négyesy László
|
| 260 |
|
|
|c 1898
|
| 300 |
|
|
|a 449-450
|
| 490 |
0 |
|
|a Magyar pedagógia : a Magyar Tudományos Akadémia Pedagógiai Bizottságának folyóirata
|v 7
|
| 695 |
|
|
|a Erzsébet Magyarország : királyné 1837-1898, Magyarország története nekrológ, Nekrológ
|
| 856 |
4 |
0 |
|u http://misc.bibl.u-szeged.hu/7436/1/mp_1898_0555_449-450.pdf
|z Dokumentum-elérés
|